| 000 | 00662nam a2200241Ia 4500 | ||
|---|---|---|---|
| 005 | 20260415173415.0 | ||
| 008 | 008 250505s9999 xx 000 0 eng d | ||
| 020 | _a978-1-032-63320-6 | ||
| 037 | _aTextBook | ||
| 040 |
_aFEDL _beng _cFEDL |
||
| 041 |
_aeng _2eng |
||
| 084 |
_a306.072 HAM/R _qFEDL |
||
| 100 | _aHammersley Martyn | ||
| 245 | 0 | _aEthnography: Principles in practice | |
| 250 | _a4 | ||
| 260 |
_aLondon, UK _bRoutledge _c2019 |
||
| 300 | _axii, 280p. | ||
| 365 |
_aINR _b13.25 |
||
| 546 | _aReprint, 2023 | ||
| 700 |
_a Atkinson Paul _9783693 |
||
| 942 |
_cTB _h306.072 HAM/R |
||
| 999 |
_c1400124 _d1400124 |
||